<?xml version="1.0" encoding="UTF-8"?>
<record
    xmlns:xsi="http://www.w3.org/2001/XMLSchema-instance"
    xsi:schemaLocation="http://www.loc.gov/MARC21/slim http://www.loc.gov/standards/marcxml/schema/MARC21slim.xsd"
    xmlns="http://www.loc.gov/MARC21/slim">

  <leader>01855nam a22002897a 4500</leader>
  <controlfield tag="005">20091030115823.0</controlfield>
  <controlfield tag="008">091030t        xxu||||| |||| 00| j hin d</controlfield>
  <datafield tag="010" ind1=" " ind2=" ">
    <subfield code="a">HIN-88132-33</subfield>
  </datafield>
  <datafield tag="020" ind1=" " ind2=" ">
    <subfield code="a">8187080113  &#x92D;&#x93E;&#x917;-1</subfield>
    <subfield code="c">175.00</subfield>
  </datafield>
  <datafield tag="020" ind1=" " ind2=" ">
    <subfield code="a">8187080113  &#x92D;&#x93E;&#x917;-2</subfield>
    <subfield code="c">175.00</subfield>
  </datafield>
  <datafield tag="035" ind1=" " ind2=" ">
    <subfield code="a">HN-60478-79</subfield>
  </datafield>
  <datafield tag="037" ind1=" " ind2=" ">
    <subfield code="a">DBAD / PUB</subfield>
  </datafield>
  <datafield tag="040" ind1=" " ind2=" ">
    <subfield code="a">DPL</subfield>
    <subfield code="b">HN</subfield>
  </datafield>
  <datafield tag="082" ind1=" " ind2=" ">
    <subfield code="a">&#x915;</subfield>
  </datafield>
  <datafield tag="245" ind1=" " ind2=" ">
    <subfield code="a">&#x928;&#x94B;&#x92C;&#x947;&#x932; &#x92A;&#x941;&#x930;&#x938;&#x94D;&#x915;&#x93E;&#x930; &#x935;&#x93F;&#x91C;&#x947;&#x924;&#x93E; &#x938;&#x93E;&#x939;&#x93F;&#x924;&#x94D;&#x92F;&#x915;&#x93E;&#x930;&#x94B;&#x902; &#x915;&#x940; &#x915;&#x939;&#x93E;&#x928;&#x93F;&#x92F;&#x93E;&#x901; /</subfield>
    <subfield code="c">&#x92E;&#x94B;&#x91C;&#x93C;&#x947;&#x91C; &#x92E;&#x93E;&#x907;&#x915;&#x947;&#x932; &#x926;&#x94D;&#x935;&#x93E;&#x930;&#x93E; &#x938;&#x902;&#x92A;&#x93E;&#x926;&#x93F;&#x924; &#x90F;&#x935;&#x902; &#x905;&#x928;&#x941;&#x926;&#x93F;&#x924;</subfield>
  </datafield>
  <datafield tag="246" ind1=" " ind2=" ">
    <subfield code="a">Nobal puraskar Vijeta Sahityakaron ki Kahaniyan</subfield>
    <subfield code="b">Edit. by Moses Michacl</subfield>
  </datafield>
  <datafield tag="260" ind1=" " ind2=" ">
    <subfield code="a">&#x928;&#x908; &#x926;&#x93F;&#x932;&#x94D;&#x932;&#x940;</subfield>
    <subfield code="b">&#x92C;&#x941;&#x915;&#x94D;&#x938; &#x907;&#x923;&#x94D;&#x921;&#x93F;&#x92F;&#x93E;</subfield>
    <subfield code="c">2009</subfield>
  </datafield>
  <datafield tag="270" ind1=" " ind2=" ">
    <subfield code="a">&#x90F;&#x92B;-3/16, &#x905;&#x902;&#x938;&#x93E;&#x930;&#x940; &#x930;&#x94B;&#x921;&#x93C;, &#x926;&#x930;&#x93F;&#x92F;&#x93E;&#x917;&#x902;&#x91C;</subfield>
    <subfield code="b">&#x928;&#x908; &#x926;&#x93F;&#x932;&#x94D;&#x932;&#x940;</subfield>
    <subfield code="e">110002</subfield>
  </datafield>
  <datafield tag="300" ind1=" " ind2=" ">
    <subfield code="a">2&#x92D;&#x93E;&#x917; (152&#x92A;&#x943;; 135&#x92A;&#x943;)</subfield>
    <subfield code="c">22&#x938;&#x947;&#x92E;&#x940; (&#x938;&#x91C;&#x93F;&#x932;&#x94D;&#x926;)</subfield>
  </datafield>
  <datafield tag="500" ind1=" " ind2=" ">
    <subfield code="a">&#x926;&#x94B; &#x92D;&#x93E;&#x917;&#x94B;&#x902; &#x92E;&#x947;&#x902; &#x92A;&#x94D;&#x930;&#x915;&#x93E;&#x936;&#x93F;&#x924;</subfield>
  </datafield>
  <datafield tag="650" ind1=" " ind2=" ">
    <subfield code="a">&#x939;&#x93F;&#x928;&#x94D;&#x926;&#x940; &#x915;&#x939;&#x93E;&#x928;&#x93F;&#x92F;&#x93E;&#x901;</subfield>
    <subfield code="9">2069</subfield>
  </datafield>
  <datafield tag="700" ind1=" " ind2=" ">
    <subfield code="a">&#x92E;&#x93E;&#x907;&#x915;&#x947;&#x932;, &#x92E;&#x94B;&#x91C;&#x93C;&#x947;&#x91C;&#x93C;</subfield>
    <subfield code="9">2070</subfield>
  </datafield>
  <datafield tag="942" ind1=" " ind2=" ">
    <subfield code="2">ddc</subfield>
    <subfield code="c">HN</subfield>
    <subfield code="h">&#x915;</subfield>
    <subfield code="m">&#x928;&#x94B;&#x92C;&#x947;&#x932;</subfield>
  </datafield>
  <datafield tag="999" ind1=" " ind2=" ">
    <subfield code="c">31217</subfield>
    <subfield code="d">31217</subfield>
  </datafield>
  <datafield tag="952" ind1=" " ind2=" ">
    <subfield code="0">0</subfield>
    <subfield code="1">0</subfield>
    <subfield code="2">ddc</subfield>
    <subfield code="4">0</subfield>
    <subfield code="7">1</subfield>
    <subfield code="8">FIC</subfield>
    <subfield code="a">DBAD</subfield>
    <subfield code="b">DBAD</subfield>
    <subfield code="d">2009-10-30</subfield>
    <subfield code="e">DBAD / PUB</subfield>
    <subfield code="g">175.00</subfield>
    <subfield code="l">0</subfield>
    <subfield code="o">&#x915; &#x928;&#x94B;&#x92C;&#x947;&#x932;</subfield>
    <subfield code="p">HN-60478</subfield>
    <subfield code="r">2009-10-30 00:00:00</subfield>
    <subfield code="t">1</subfield>
    <subfield code="v">175.00</subfield>
    <subfield code="w">2009-10-30</subfield>
    <subfield code="y">HN</subfield>
  </datafield>
  <datafield tag="952" ind1=" " ind2=" ">
    <subfield code="0">0</subfield>
    <subfield code="1">0</subfield>
    <subfield code="2">ddc</subfield>
    <subfield code="4">0</subfield>
    <subfield code="7">1</subfield>
    <subfield code="8">FIC</subfield>
    <subfield code="a">DBAD</subfield>
    <subfield code="b">DBAD</subfield>
    <subfield code="d">2009-10-30</subfield>
    <subfield code="e">DBAD / PUB</subfield>
    <subfield code="g">175.00</subfield>
    <subfield code="l">0</subfield>
    <subfield code="o">&#x915; &#x928;&#x94B;&#x92C;&#x947;&#x932;</subfield>
    <subfield code="p">HN-60479</subfield>
    <subfield code="r">2009-10-30 00:00:00</subfield>
    <subfield code="t">1</subfield>
    <subfield code="v">175.00</subfield>
    <subfield code="w">2009-10-30</subfield>
    <subfield code="y">HN</subfield>
  </datafield>
  <datafield tag="952" ind1=" " ind2=" ">
    <subfield code="0">0</subfield>
    <subfield code="1">0</subfield>
    <subfield code="2">ddc</subfield>
    <subfield code="4">0</subfield>
    <subfield code="7">-1</subfield>
    <subfield code="a">AG</subfield>
    <subfield code="b">AG</subfield>
    <subfield code="d">2010-02-20</subfield>
    <subfield code="l">0</subfield>
    <subfield code="o">&#x915; &#x928;&#x94B;&#x92C;&#x947;&#x932;</subfield>
    <subfield code="r">2010-02-20 00:00:00</subfield>
    <subfield code="w">2010-02-20</subfield>
  </datafield>
</record>
